000
00328nam a2200133Ia 4500
008
240624s9999 xx 000 0 und d
041
_a
eng
082
_a
658.8 TRE
100
_a
TREADAWAY CHRIS
245
_a
FACEBOOK MARKETING AN HOUR A DAY
260
_c
2010
_a
New Delhi
_b
Wiley India
300
_a
291 : p.
365
_c
RS
_b
27
999
_c
15546
_d
15546